La escritura invisible (Record no. 87201)

MARC details
000 -LEADER
campo de control de longitud fija 00800nam a2200241 i 4500
001 - NÚMERO DE CONTROL
campo de control 87201
003 - IDENTIFICADOR DE NÚMERO DE CONTROL
campo de control ES-MaACL
005 - FECHA Y HORA DE LA ÚLTIMA TRANSACCIÓN
campo de control 20250804062601.0
007 - CAMPO FIJO DE DESCRIPCIÓN FÍSICA--INFORMACIÓN GENERAL
campo de control de longitud fija t|
008 - DATOS DE LONGITUD FIJA--INFORMACIÓN GENERAL
campo de control de longitud fija 041220s1973 sp ||||1| spa d
020 ## - NÚMERO INTERNACIONAL ESTÁNDAR DEL LIBRO
Número Internacional Estándar del Libro 84-206-1545-5
100 1# - ENTRADA PRINCIPAL--NOMBRE DE PERSONA
Nombre de persona Koestler, Arthur,
Fechas asociadas al nombre 1905-1983
9 (RLIN) 68460
245 13 - MENCIÓN DEL TÍTULO
Título La escritura invisible
Resto del título : [1936-1940] /
Mención de responsabilidad, etc. Arthur Koestler ; [traductor, Alberto Luis Bixio].
260 ## - PUBLICACIÓN, DISTRIBUCIÓN, ETC.
Lugar de publicación, distribución, etc. Madrid :
Nombre del editor, distribuidor, etc. Alianza,
Fecha de publicación, distribución, etc. [1973]
300 ## - DESCRIPCIÓN FÍSICA
Extensión 199 p. ;
Dimensiones 18 cm.
490 1# - MENCIÓN DE SERIE
Mención de serie El libro de bolsillo. Humanidades ;
Designación de volumen o secuencia 545
490 1# - MENCIÓN DE SERIE
Mención de serie Autobiografía ;
Designación de volumen o secuencia 5
700 1# - ENTRADA AGREGADA--NOMBRE PERSONAL
Nombre de persona Bixio, Alberto Luis.
9 (RLIN) 29037
830 03 - PUNTO DE ACCESO ADICIONAL DE SERIE-TÍTULO UNIFORME
Título uniforme El libro de bolsillo.
Nombre de parte o sección de la obra Humanidades
Designación de volumen o secuencia 545
9 (RLIN) 178672
830 0# - PUNTO DE ACCESO ADICIONAL DE SERIE-TÍTULO UNIFORME
Título uniforme Autobiografía ;
Designación de volumen o secuencia 5
9 (RLIN) 231776
852 ## - LOCALIZACIÓN
Ubicación ES-MaACL
Número de control de estantería L-10731
Sublocalización o colección R.112563
Holdings
Estatus retirado Estado de pérdida Estado de daño No para préstamo Biblioteca de origen Biblioteca actual Ubicación en estantería Fecha de adquisición Fuente de adquisición Total de préstamos Signatura topográfica completa Código de barras Visto por última vez Precio de reemplazo Tipo de ítem Koha
        Biblioteca del Ateneo de Madrid Biblioteca del Ateneo de Madrid Depósito 2 17/01/2008     L-10731 1091107 23/02/2023 23/02/2023 Libro impreso